000 00541nam a2200181Ia 4500
008 100920s9999 xx 000 0 und d
082 _b57359
_a--- थ 90
100 _aपाटील देवदत्त.
245 _aशर्थ.
260 _bसन्मित्र प्रकाशन, कोल्हापूर.
_c1990
300 _a218
_bसाधी
365 _b100
520 _aकादंबरी.
630 _aशर्थ.
650 _aकादंबरी.
730 _aशर्थ.
942 _cBOOK
999 _c701233
_d701230